A new approach for resolving disputes and to proceedings relating to Park Homes under the Mobile Homes Act 1983 (as amended) (Record no. 108272)

MARC details
000 -LEADER
fixed length control field 01616cad a22002535a 4500
001 - CONTROL NUMBER
control field L143822
008 - FIXED-LENGTH DATA ELEMENTS--GENERAL INFORMATION
fixed length control field 080603e20080530xxk f f000 0 eng d
020 ## - INTERNATIONAL STANDARD BOOK NUMBER
International Standard Book Number 9781409800750
035 ## - SYSTEM CONTROL NUMBER
System control number (Sirsi) u143822
041 0# - LANGUAGE CODE
Language code of text/sound track or separate title eng
050 04 - LIBRARY OF CONGRESS CALL NUMBER
Classification number 346.41043 $2 18
110 1# - MAIN ENTRY--CORPORATE NAME
Corporate name or jurisdiction name as entry element United Kingdom
Subordinate unit Department for Communities and Local Government
9 (RLIN) 4939
245 02 - TITLE STATEMENT
Title A new approach for resolving disputes and to proceedings relating to Park Homes under the Mobile Homes Act 1983 (as amended)
Remainder of title a consultation paper
Medium [electronic resource]
260 ## - PUBLICATION, DISTRIBUTION, ETC.
Place of publication, distribution, etc. London
Name of publisher, distributor, etc. DCLG
Date of publication, distribution, etc. 2008
520 ## - SUMMARY, ETC.
Summary, etc. Consultation paper sets out three options currently under consideration for reforming and reinterpreting the system for resolving disputes relating to mobile and park homes. Sets out the current position, with jurisdiction vested in county courts, and outlines the main legislation involved. The three options are a retention of this situation; transfer of these powers to residential property tribunals; and transfer of power to a new dedicated tribunal. Considers the best solution for different jurisdictions. Looks in detail at procedural rules and fee structures. Responses are due by 22 August 2008.
521 2# - TARGET AUDIENCE NOTE
Target audience note Advanced
590 ## - LOCAL NOTE (RLIN)
Local note KA NTK
650 24 - SUBJECT ADDED ENTRY--TOPICAL TERM
Topical term or geographic name entry element MOBILE HOMES ACT 1983
650 24 - SUBJECT ADDED ENTRY--TOPICAL TERM
Topical term or geographic name entry element CARAVAN SITES AND CONTROL OF DEVELOPMENT ACT 1960
651 #4 - SUBJECT ADDED ENTRY--GEOGRAPHIC NAME
Geographic name United Kingdom
Chronological subdivision
690 ## - LOCAL SUBJECT ADDED ENTRY--TOPICAL TERM (OCLC, RLIN)
Topical term or geographic name as entry element PROPERTY-RESIDENTIAL PROPERTY-TEMPORARY AND MOBILE RESIDENTIAL PROPERTY
856 40 - ELECTRONIC LOCATION AND ACCESS
Uniform Resource Identifier <a href="https://www.communities.gov.uk/publications/housing/parkhomedisputes">https://www.communities.gov.uk/publications/housing/parkhomedisputes</a>
Public note View the consultation free of charge at www.communities.gov.uk...
942 ## - ADDED ENTRY ELEMENTS (KOHA)
Suppress in OPAC 0
Holdings
Withdrawn status Lost status Source of classification or shelving scheme Damaged status Not for loan Home library Current library Shelving location Date acquired Total Checkouts Full call number Barcode Date last seen Copy number Price effective from Koha item type
    Dewey Decimal Classification     Virtual Virtual Online 03/06/2008   ONLINE PUBLICATION 143822-1001 06/08/2019 1 06/08/2019 Book